000 00809nam a2200265Ia 4500
003 OSt
005 20220924115813.0
006 a|||||r|||| 00| 0
007 ta
008 220923b |||||||| |||| 00| 0 urd d
020 _a9789350736258 (hbk)
020 _c250
024 _a290012
037 _b4693, 09/03/2016, Kitabi Duniya
_cTextual
040 _aARTS
_cARTS
_burd
041 _2urd
_aurd
082 _aO168,1NFHx, Q5
100 _aKhushdil Farhat Hussain
_9179648
245 0 _aWijdan ke phool
_b Collection of Ghazals
260 _aDelhi
_bEducational Publishing House India
_c2015
300 _a228p.
_ccm.
650 _aURDU POETRY
942 _hO168,1NFHx, Q5
_cTEXL
_2CC
999 _c399957
_d399957